Szczegóły MARC21

Ratownictwo przedszpitalne w urazach /

003 -Nazwa inst., której nr kontr. jest w polu 001 [,]
    • @
    • Nazwa instytucji, której n kontrolny jest w polu 001
    • NUKAT
005 -DATA I CZAS OSTATNIEJ MODYFIKACJI [,]
    • @
    • pole kontrolne
    • 20241231090628.0
020 -Międzynarod. znormalizowany nr książki - ISBN [ , ]
    • a
    • Numer ISBN
    • 9788374305242 Find
040 -Instytucja sporządzająca opis [ , ]
    • a
    • Instytucja, która sporządziła opis (NP)
    • KR 306/MP
    • c
    • Instytucja, która sporządziła rekord (NP)
    • KR 306/MP
    • d
    • Instytucja, która zmodyfikowała rekord (P)
    • KR 306/LS
    • d
    • Instytucja, która zmodyfikowała rekord (P)
    • GD 27/LKs
    • d
    • Instytucja, która zmodyfikowała rekord (P)
    • KAT 046/WM
041 -Język dokumentu [1, ]
    • a
    • Język tekstu (P)
    • polski
    • h
    • Język tekstu oryginalnego i/lub pośredniego (P)
    • angielski
942 -Rodzaj dokumentu [ , ]
    • c
    • Rodzaj dokumentu
    • Książka
245 -Strefa tytułu i oznaczenia odpowiedzialności [0,0]
    • a
    • Tytuł
    • Ratownictwo przedszpitalne w urazach / Find
    • c
    • Pozostałe elementy strefy tytułu i oznaczenia odpowiedzialności (NP)
    • pod redakcją Johna E. Campbella, Roya Lee Alsona ; [tłumaczenie: Joanna Fąferek, Jerzy Jaskuła, Marcin Koszowski, Andrzej Mącznik, Przemysław Pomianek, Marcin Soboń].
246 -Wariant tytułu [1, ]
    • i
    • Tekst wyświetlany na ekranie monitora (NP)
    • Tyt. oryg.:
    • a
    • Tytuł (NP)
    • International trauma life support for emergency care providers
250 -Strefa wydania [ , ]
    • a
    • Oznaczenie wydania (NP)
    • Wyd. pol. /
    • b
    • Ciąg dalszy strefy wydania (NP)
    • red. Iwona Żurek, Paweł Kukla, Maciej Ostrowski, Jarosław Gucwa.
260 -Strefa adresu wydawniczego [ , ]
    • a
    • Miejsce wydania (P)
    • Kraków :
    • b
    • Nazwa wydawcy (P)
    • Medycyna Praktyczna,
    • c
    • Data wydania (P)
    • cop. 2017.
300 -Strefa opisu fizycznego [ , ]
    • a
    • Określenie formy książki i/lub objętość (NP)
    • XX, 434 s. :
    • b
    • Oznaczenie ilustracji (NP)
    • il. kolor. ;
    • c
    • Format (NP)
    • 28 cm.
336 -Typ zawartości [ , ]
    • a
    • Termin opisujący typ zawartości
    • Tekst
    • b
    • Kod określający zawartość
    • txt
    • 2
    • Źródło (terminu i kodu)
    • rdacontent
337 -Typ mediów [ , ]
    • a
    • Tryb odtwarzania
    • Bez urządzenia pośredniczącego
    • b
    • Kod typu mediów
    • n
    • 2
    • Źródło (terminu i kodu)
    • rdamedia
338 -Typ/rodzaj nośnika [ , ]
    • a
    • Hasło opisujące typ nośnika
    • Wolumin
    • b
    • Kod typu nośnika
    • nc
    • 2
    • Źródło (terminu i kodu)
    • rdacarrier
490 -Strefa serii i książki wielotomowej - forma nie do wyszukiwania [1, ]
    • a
    • Tytuł (P)
    • MP Medycyna Praktyczna, Find
    • x
    • ISSN (NP)
    • 0867-499X
830 -Hasło dodatkowe serii i opisu książki wielotomowej - tytuł ujednolicony/tytuł [ ,0]
    • a
    • Tytuł ujednolicony/tytuł (NP)
    • MP Medycyna Praktyczna
    • x
    • ISSN
    • 0867-499X
    • 9
    • KHW
    • 40738
500 -Uwaga ogólna [ , ]
    • a
    • Uwaga ogólna (NP)
    • Wyd. pol. na podstawie wyd. 8 oryg.
504 -Uwaga dot. bibliogr. załącznikowej [ , ]
    • a
    • Uwaga dot. bibliografii załącznikowej
    • Bibliogr. przy rozdz.
650 -Hasło przedmiotowe [ ,7]
    • a
    • Hasło przedmiotowe
    • Urazy i rany
    • v
    • Określnik formalny
    • podręczniki.
    • 2
    • Źródło terminu
    • kaba
    • 9
    • KHW
    • 591278
650 -Hasło przedmiotowe [ ,7]
    • a
    • Hasło przedmiotowe
    • Pomoc w nagłych wypadkach
    • v
    • Określnik formalny
    • podręczniki.
    • 2
    • Źródło terminu
    • kaba
    • 9
    • KHW
    • 393257
650 -Hasło przedmiotowe [ ,7]
    • a
    • Hasło przedmiotowe
    • Ratownictwo
    • v
    • Określnik formalny
    • podręczniki.
    • 2
    • Źródło terminu
    • kaba
    • 9
    • KHW
    • 386632
700 -Hasło dodatkowe - nazwa osobowa [1, ]
    • a
    • Nazwa osobowa (NP)
    • Campbell, John Emory Find
    • d
    • Daty biograficzne (NP)
    • (1943-2018).
    • e
    • Określenie rodzaju współpracy
    • Red.
    • 9
    • KHW
    • 591123
700 -Hasło dodatkowe - nazwa osobowa [1, ]
    • a
    • Nazwa osobowa (NP)
    • Fąferek, Joanna. Find
    • e
    • Określenie rodzaju współpracy
    • Tł.
    • 9
    • KHW
    • 591126
700 -Hasło dodatkowe - nazwa osobowa [1, ]
    • a
    • Nazwa osobowa (NP)
    • Jaskuła, Jerzy. Find
    • e
    • Określenie rodzaju współpracy
    • Tł.
    • 9
    • KHW
    • 591127
700 -Hasło dodatkowe - nazwa osobowa [1, ]
    • a
    • Nazwa osobowa (NP)
    • Żurek, Iwona. Find
    • e
    • Określenie rodzaju współpracy
    • Red.
    • 9
    • KHW
    • 591122
700 -Hasło dodatkowe - nazwa osobowa [1, ]
    • a
    • Nazwa osobowa (NP)
    • Ostrowski, Maciej Find
    • c
    • Dopowiedzenie inne niż daty biograficzne (NP)
    • (medycyna).
    • e
    • Określenie rodzaju współpracy
    • Red.
    • 9
    • KHW
    • 591125
700 -Hasło dodatkowe - nazwa osobowa [1, ]
    • a
    • Nazwa osobowa (NP)
    • Gucwa, Jarosław. Find
    • e
    • Określenie rodzaju współpracy
    • Red.
    • 9
    • KHW
    • 591124
700 -Hasło dodatkowe - nazwa osobowa [1, ]
    • a
    • Nazwa osobowa (NP)
    • Alson, Roy Lee. Find
    • e
    • Określenie rodzaju współpracy
    • Red.
    • 9
    • KHW
    • 591128
700 -Hasło dodatkowe - nazwa osobowa [1, ]
    • a
    • Nazwa osobowa (NP)
    • Koszowski, Marcin. Find
    • e
    • Określenie rodzaju współpracy
    • Tł.
    • 9
    • KHW
    • 591130
700 -Hasło dodatkowe - nazwa osobowa [1, ]
    • a
    • Nazwa osobowa (NP)
    • Mącznik, Andrzej. Find
    • e
    • Określenie rodzaju współpracy
    • Tł.
    • 9
    • KHW
    • 591131
700 -Hasło dodatkowe - nazwa osobowa [1, ]
    • a
    • Nazwa osobowa (NP)
    • Pomianek, Przemysław. Find
    • e
    • Określenie rodzaju współpracy
    • Tł.
    • 9
    • KHW
    • 591132
700 -Hasło dodatkowe - nazwa osobowa [1, ]
    • a
    • Nazwa osobowa (NP)
    • Soboń, Marcin Find
    • c
    • Dopowiedzenie inne niż daty biograficzne (NP)
    • (lekarz).
    • e
    • Określenie rodzaju współpracy
    • Tł.
    • 9
    • KHW
    • 591133
700 -Hasło dodatkowe - nazwa osobowa [1, ]
    • a
    • Nazwa osobowa (NP)
    • Kukla, Paweł Find
    • c
    • Dopowiedzenie inne niż daty biograficzne (NP)
    • (ratownik medyczny).
    • e
    • Określenie rodzaju współpracy
    • Red.
    • 9
    • KHW
    • 591129
710 -Hasło dodatkowe - nazwa ciała zbiorowego [2, ]
    • a
    • Nazwa ciała zbiorowego lub nazwa geograficzna jako pierwszy element (NP)
    • Wydawnictwo Medycyna Praktyczna.
    • 4
    • Kod relacji
    • pbl
    • 9
    • KHW
    • 92599
856 -Dostęp do wersji elektronicznej [4,1]
    • 3
    • Wyszczególnienie materiału
    • Spis treści
920 -ISBN [ , ]
    • a
    • ISBN
    • 978-83-7430-524-2 Find
Numer inwentarzowy Data inwentaryzacji Status udost. Lokalizacja Sygnatura
WF.107642021-03-251BMPierwsza pomoc 20